[Event "Oslo Sveins op 5th"]
[Site "Oslo"]
[Date "2012.06.25"]
[Round "6"]
[White "Riiser, Samuel"]
[Black "Mihajlov, Svetoslav"]
[Result "0-1"]
[WhiteElo "1825"]
[BlackElo "2092"]
[PlyCount "55"]
[EventDate "2012.06.22"]
[EventType "swiss"]
[EventRounds "9"]
[EventCountry "NOR"]
[SourceTitle "CBM 149 Extra"]
[Source "ChessBase"]
[SourceDate "2012.08.24"]
[SourceVersion "1"]
[SourceVersionDate "2012.08.24"]
[SourceQuality "1"]

1. d4 Nf6 2. c4 e6 3. Nf3 c5 4. d5 b5 5. dxe6 fxe6 6. cxb5 a6 7. bxa6 Bxa6 8. g3 d5 9. Bg2 Bd6 10. 0-0 0-0 11. b3 Nc6 12. Bb2 Qe7 13. Qc2 Rac8 14. Rd1 Nb4 15. Qc1 Bxe2 16. Rd2 Nd3 17. Qc2 Bxf3 18. Qxd3 Bxg2 19. Kxg2 Ne4 20. Re2 c4 21. bxc4 Rxc4 22. f3 Nc5 23. Qe3 e5 24. Nd2 Rc2 25. Ba3 d4 26. Qg1 e4 27. fxe4 Rxd2 28. Qe1 0-1

[Event "NOR-chT Clubs"]
[Site "Fagernes"]
[Date "2012.06.10"]
[Round "5"]
[White "Stokhaug, Jon Arne"]
[Black "Riiser, Samuel"]
[Result "1/2-1/2"]
[WhiteElo "1827"]
[BlackElo "1825"]
[PlyCount "38"]
[EventDate "2012.06.08"]
[EventType "team-swiss"]
[EventRounds "6"]
[EventCountry "NOR"]
[SourceTitle "CBM 148 Extra"]
[Source "ChessBase"]
[SourceDate "2012.06.22"]
[SourceVersion "1"]
[SourceVersionDate "2012.06.22"]
[SourceQuality "1"]
[WhiteTeam "Stjoerdal"]
[BlackTeam "OSS"]
[WhiteTeamCountry "NOR"]
[BlackTeamCountry "NOR"]

1. d4 Nf6 2. Nf3 e6 3. c4 Bb4+ 4. Bd2 Bxd2+ 5. Nbxd2 0-0 6. g3 b6 7. Bg2 Bb7 8. 0-0 d5 9. Rc1 dxc4 10. Nxc4 Nbd7 11. a3 c5 12. dxc5 Nxc5 13. b4 Nce4 14. Qc2 Rc8 15. Qb2 Qe7 16. Rfd1 Rfd8 17. Nd4 Bd5 18. Ne3 Bb7 19. Nc4 Bd5 1/2-1/2

[Event "Gibraltar Masters 10th"]
[Site "Caleta"]
[Date "2012.02.02"]
[Round "10"]
[White "Zachariassen, John"]
[Black "Riiser, Samuel"]
[Result "0-1"]
[WhiteElo "1949"]
[BlackElo "1827"]
[PlyCount "65"]
[EventDate "2012.01.24"]
[EventType "swiss"]
[EventRounds "10"]
[EventCountry "GGB"]
[SourceTitle "CBM 147"]
[Source "ChessBase"]
[SourceDate "2012.03.16"]
[SourceVersion "1"]
[SourceVersionDate "2012.03.16"]
[SourceQuality "1"]

1. c4 e5 2. g3 g6 3. Bg2 Bg7 4. Nc3 Nc6 5. d3 Nge7 6. Nf3 0-0 7. 0-0 f5 8. Bd2 h6 9. Rb1 g5 10. b4 Ng6 11. b5 Nce7 12. a4 d6 13. Qc1 f4 14. Ne4 Be6 15. Nfxg5 hxg5 16. Nxg5 Bg4 17. Re1 Bh6 18. Ne4 Qc8 19. a5 Bh3 20. Bh1 Rb8 21. b6 axb6 22. axb6 Nf5 23. Qc3 c6 24. Qb2 fxg3 25. hxg3 Qe6 26. Bxh6 Nxh6 27. Qd2 Nf7 28. Ra1 Kg7 29. Ra7 Qf5 30. d4 d5 31. cxd5 cxd5 32. Nc5 Nd6 33. dxe5 0-1

[Event "Gibraltar Masters 10th"]
[Site "Caleta"]
[Date "2012.01.29"]
[Round "6"]
[White "Fransson, Angelina"]
[Black "Riiser, Samuel"]
[Result "1-0"]
[WhiteElo "1967"]
[BlackElo "1827"]
[PlyCount "43"]
[EventDate "2012.01.24"]
[EventType "swiss"]
[EventRounds "10"]
[EventCountry "GGB"]
[SourceTitle "CBM 147"]
[Source "ChessBase"]
[SourceDate "2012.03.16"]
[SourceVersion "1"]
[SourceVersionDate "2012.03.16"]
[SourceQuality "1"]

1. e4 c5 2. d3 d6 3. g3 Nf6 4. Bg2 e6 5. f4 Nbd7 6. Nf3 Be7 7. 0-0 0-0 8. h3 Qc7 9. Qe2 a6 10. Nc3 b5 11. e5 dxe5 12. fxe5 Ne8 13. Bf4 Bb7 14. Ne4 Qb6 15. Rae1 Nc7 16. Bg5 Bxg5 17. Nfxg5 h6 18. Nxf7 Bxe4 19. Bxe4 Rxf7 20. Rxf7 Kxf7 21. Bxa8 Nxa8 22. Qf3+ 1-0

[Event "Gibraltar Masters 10th"]
[Site "Caleta"]
[Date "2012.01.24"]
[Round "1"]
[White "Riiser, Samuel"]
[Black "Jameson, David"]
[Result "1/2-1/2"]
[WhiteElo "1827"]
[BlackElo "2077"]
[PlyCount "63"]
[EventDate "2012.01.24"]
[EventType "swiss"]
[EventRounds "10"]
[EventCountry "GGB"]
[SourceTitle "CBM 147"]
[Source "ChessBase"]
[SourceDate "2012.03.16"]
[SourceVersion "1"]
[SourceVersionDate "2012.03.16"]
[SourceQuality "1"]

1. d4 Nf6 2. c4 e6 3. Nc3 Bb4 4. e3 0-0 5. Bd3 d5 6. Nf3 c5 7. 0-0 cxd4 8. exd4 h6 9. Qe2 Nc6 10. Rd1 b6 11. Be3 Ba6 12. Ne5 Rc8 13. cxd5 Bxd3 14. Nxd3 Nxd5 15. Nxd5 exd5 16. Qg4 Qf6 17. Rac1 Bd6 18. Rc3 Qe6 19. Qf3 Ne7 20. Bf4 Rxc3 21. bxc3 Rc8 22. Re1 Qf6 23. Bxd6 Qxd6 24. Nf4 Qf6 25. Nxd5 Nxd5 26. Qxd5 Rxc3 27. Qa8+ Kh7 28. Qxa7 Rc2 29. Rf1 Rd2 30. Qa4 Qxd4 31. Qxd4 Rxd4 32. Rb1 1/2-1/2

[Event "Gibraltar Challengers-A 10th"]
[Site "Caleta"]
[Date "2012.01.23"]
[Round "1"]
[White "Riiser, Samuel"]
[Black "Dasaolu, Adeoye"]
[Result "0-1"]
[WhiteElo "1827"]
[BlackElo "2107"]
[PlyCount "101"]
[EventDate "2012.01.23"]
[EventType "swiss"]
[EventRounds "5"]
[EventCountry "GGB"]
[SourceTitle "CBM 146 Extra"]
[Source "ChessBase"]
[SourceDate "2012.02.29"]
[SourceVersion "1"]
[SourceVersionDate "2012.02.29"]
[SourceQuality "1"]

1. d4 Nf6 2. c4 e6 3. Nc3 c5 4. d5 d6 5. e4 e5 6. Bd3 g6 7. Nge2 Bg7 8. 0-0 0-0 9. a3 Ne8 10. f4 exf4 11. Bxf4 Nd7 12. Ng3 Ne5 13. Be2 Bd7 14. Qd2 a6 15. Rab1 Qb6 16. Be3 Qb3 17. Rfc1 Nxc4 18. Bxc4 Qxc4 19. b3 Bxc3 20. Rxc3 Qb5 21. e5 b6 22. Bh6 dxe5 23. Bxf8 Kxf8 24. Rf3 f6 25. Re1 Kg7 26. Re4 Nd6 27. Re1 Bg4 28. Rc3 Rf8 29. Ne4 Nxe4 30. Rxe4 Bf5 31. Re1 Rd8 32. Rd1 Rd6 33. Qe3 a5 34. h3 h5 35. Qf3 Qd7 36. Kh2 h4 37. Rc4 g5 38. g4 hxg3+ 39. Kxg3 Bxh3 40. Rc2 Qf5 41. Rf2 Qxf3+ 42. Kxf3 f5 43. Ke3 Kf6 44. Rb2 f4+ 45. Ke4 Bf5+ 46. Kf3 g4+ 47. Kg2 Be4+ 48. Kg1 g3 49. b4 axb4 50. axb4 c4 51. b5 0-1

[Event "Oslo Sveins op 4th"]
[Site "Oslo"]
[Date "2011.06.24"]
[Round "2"]
[White "Hoi, Carsten"]
[Black "Riiser, Samuel"]
[Result "1-0"]
[WhiteElo "2408"]
[BlackElo "1725"]
[PlyCount "23"]
[EventDate "2011.06.24"]
[EventType "swiss"]
[EventRounds "9"]
[EventCountry "NOR"]
[SourceTitle "CBM 143 Extra"]
[Source "ChessBase"]
[SourceDate "2011.08.29"]
[SourceVersion "1"]
[SourceVersionDate "2011.08.29"]
[SourceQuality "1"]

1. d4 d5 2. Nf3 Nf6 3. e3 c6 4. Bd3 e6 5. 0-0 Bd6 6. Nbd2 0-0 7. e4 dxe4 8. Nxe4 Nxe4 9. Bxe4 f5 10. Bd3 h6 11. Qe2 Nd7 12. Qxe6+ 1-0

[Event "Oslo Sveins op 4th"]
[Site "Oslo"]
[Date "2011.06.24"]
[Round "5"]
[White "Salomon, Johan"]
[Black "Riiser, Samuel"]
[Result "1-0"]
[WhiteElo "1917"]
[BlackElo "1725"]
[PlyCount "69"]
[EventDate "2011.06.24"]
[EventType "swiss"]
[EventRounds "9"]
[EventCountry "NOR"]
[SourceTitle "CBM 143 Extra"]
[Source "ChessBase"]
[SourceDate "2011.08.29"]
[SourceVersion "1"]
[SourceVersionDate "2011.08.29"]
[SourceQuality "1"]

1. e4 c5 2. Nf3 d6 3. d4 cxd4 4. Nxd4 Nf6 5. Nc3 a6 6. Be2 e6 7. 0-0 Be7 8. Be3 Qc7 9. f4 b5 10. a3 Bb7 11. Bf3 0-0 12. Qe1 Nbd7 13. Qg3 Rfe8 14. e5 Nd5 15. Nxd5 Bxd5 16. Bxd5 exd5 17. Nf5 g6 18. Nh6+ Kg7 19. Bd4 Qc4 20. Nf5+ Kf8 21. exd6 Bxd6 22. Qg5 Re6 23. Qh6+ Ke8 24. Ng7+ Kd8 25. Nxe6+ fxe6 26. c3 e5 27. fxe5 Bxe5 28. Bxe5 Nxe5 29. Qf8+ Kd7 30. Qxa8 Nd3 31. Qa7+ Ke6 32. Qxa6+ Ke7 33. Qa7+ Ke6 34. Qf7+ Kd6 35. Rf6+ 1-0

[Event "Oslo Bockman op"]
[Site "Oslo"]
[Date "2011.04.08"]
[Round "1"]
[White "Mikalsen, Erlend"]
[Black "Riiser, Samuel"]
[Result "1-0"]
[WhiteElo "1979"]
[BlackElo "1543"]
[PlyCount "45"]
[EventDate "2011.04.08"]
[EventType "swiss"]
[EventRounds "5"]
[EventCountry "NOR"]
[SourceTitle "CBM 142 Extra"]
[Source "ChessBase"]
[SourceDate "2011.06.27"]
[SourceVersion "1"]
[SourceVersionDate "2011.06.27"]
[SourceQuality "1"]

1. e4 c5 2. Nf3 d6 3. d4 cxd4 4. Nxd4 Nf6 5. Nc3 a6 6. Be3 e6 7. Bc4 Nbd7 8. Qe2 Nc5 9. f3 b5 10. Bb3 Qc7 11. 0-0-0 Be7 12. g4 Bb7 13. g5 Nfd7 14. h4 0-0-0 15. h5 Nb6 16. Qf2 Kb8 17. Kb1 b4 18. Nce2 a5 19. Nb5 Qc8 20. Rxd6 Nxb3 21. Rxd8 Rxd8 22. axb3 Nd7 23. Bf4+ 1-0

[Event "NOR-chT Clubs"]
[Site "Drammen"]
[Date "2010.10.09"]
[Round "3.55"]
[White "Aarnes, Carl Christian"]
[Black "Riiser, Samuel"]
[Result "1-0"]
[WhiteElo "1598"]
[BlackElo "1526"]
[PlyCount "105"]
[EventDate "2010.10.08"]
[EventType "team"]
[EventRounds "6"]
[EventCountry "NOR"]
[SourceTitle "EXT 2015"]
[Source "ChessBase"]
[SourceDate "2014.11.20"]
[SourceVersion "1"]
[SourceVersionDate "2014.11.20"]
[SourceQuality "1"]
[WhiteTeam "Nordstrand II"]
[BlackTeam "OSS IV"]
[WhiteTeamCountry "NOR"]
[BlackTeamCountry "NOR"]

1. e4 c5 2. c3 Nf6 3. e5 Nd5 4. Bc4 Nb6 5. Bb3 e6 6. d4 cxd4 7. cxd4 d6 8. Nf3 Be7 9. 0-0 0-0 10. Nc3 Nc6 11. Be3 Qc7 12. Nb5 Qb8 13. Bf4 d5 14. Rc1 Bd7 15. Qe2 a6 16. Nc3 Qd8 17. a3 Na5 18. Bc2 Nac4 19. Qd3 g6 20. Rb1 Rc8 21. Rfc1 Rc6 22. Ne2 Qc7 23. h4 Qc8 24. Bh6 Re8 25. h5 Bf8 26. hxg6 fxg6 27. Bf4 Rc7 28. Ng5 Bb5 29. Qd1 Nxb2 30. Rxb2 Bxa3 31. Rbb1 Bxc1 32. Rxc1 Rf8 33. Nh3 Bxe2 34. Qxe2 Rc3 35. Qg4 Rf7 36. Rb1 Nc4 37. Bd1 b5 38. Bf3 Na3 39. Rd1 b4 40. Ng5 Re7 41. Bd2 h5 42. Qf4 Rb3 43. Qf6 Qe8 44. Rc1 Nc4 45. Be1 Rb2 46. Nxe6 Nb6 47. Nf4 Qf7 48. Qxb6 Kg7 49. Nxd5 Re6 50. Qd8 Re8 51. Qg5 Qf5 52. Rc7+ Kg8 53. Nf6+ 1-0

[Event "Kragero Grand Prix B"]
[Site "Kragero"]
[Date "2009.08.??"]
[Round "3"]
[White "Riiser, Samuel"]
[Black "Mihajlov, Sebastian"]
[Result "0-1"]
[WhiteElo "1080"]
[BlackElo "1198"]
[PlyCount "68"]
[EventDate "2009.08.28"]
[EventType "swiss"]
[EventRounds "5"]
[EventCountry "NOR"]
[SourceTitle "EXT 2024"]
[Source "ChessBase"]
[SourceDate "2023.10.10"]
[SourceVersion "1"]
[SourceVersionDate "2023.10.10"]
[SourceQuality "1"]

1. c4 c6 2. e4 d5 3. Nc3 dxe4 4. Nxe4 Nf6 5. Nxf6+ exf6 6. Nf3 Bd6 7. d4 0-0 8. Be2 Be6 9. 0-0 Nd7 10. Qc2 Rc8 11. Bd3 h6 12. Rd1 c5 13. dxc5 Bxc5 14. Bf4 Qb6 15. a3 a5 16. Rab1 Be7 17. Rbc1 Rfd8 18. Bh7+ Kh8 19. Nd4 Rxc4 20. Bc7 Qxc7 21. Nxe6 Rxc2 22. Rxc2 Qxc2 23. Bxc2 fxe6 24. Re1 e5 25. f4 Bc5+ 26. Kf1 Nb6 27. fxe5 Rd2 28. Re2 Rxe2 29. Kxe2 fxe5 30. Kd3 Kg8 31. Ke4 Bd4 32. b3 Kf7 33. Kf5 Nd5 34. Be4 Ne3# 0-1